000 00613nam a22001817a 4500
010 _aB-226249
020 _a1593373767
037 _aB-226249
040 _aDPL
_bEN
082 _a658.82
_bSCH
100 _aSchiffman's, Stephan
_9111095
245 _aStephan Schiffman's 101 successful sales strategies :
_btop techniques to boost sales today /
_cby Stephan Schiffman's
260 _aMassachusetts
_bAdams Media
_c2006
300 _ax, 275p ;
_b24cm(Hb)
650 _aSelling.
_925891
650 _aBUSINESS & ECONOMICS -- Advertising & Promotion.
_933538
942 _2ddc
_cEN
_h658.82
_mSCH
999 _c136132
_d136132